| 000 | 00000nam##2200000za#4500 |
| 001 | 9.664060 |
| 003 | CaOODSP |
| 005 | 20210615121357 |
| 007 | ta |
| 008 | 150407|2002||||xxc||||| f|0| 0 fre|d |
| 040 | |aCaOODSP|bfre |
| 041 | |aeng |
| 041 | |afre |
| 043 | |an-cn--- |
| 086 | 1 |aSW21-95/2002 |
| 110 | 1 |aCanada.|bCondition féminine Canada. |bRecherche en matière de politiques. |
| 245 | 10|aModèle du workfare ou modèle de l'insertion? : |bla transformation de l'assistance sociale au Canada et au Québec / |cpar Sylvie Morel. |
| 260 | |bCondition féminine Canada. |c2002. |
| 300 | |aTexte en français, viii, 190p. : |bréférences, tableaux ; |c28 cm. |
| 563 | |aCouverture souple |
| 590 | |a02-37|b2002-09-13 |
| 691 | 07|aCondition de la femme|2gcpds |
| 691 | 07|aConditions de travail|2gcpds |
| 691 | 07|aRecherche|2gcpds |
| 691 | 07|aServices sociaux|2gcpds |
| 720 | 1 |aMorel, Sylvie |
| 776 | 0#|tModèle du workfare ou modèle de l'insertion? : |w(CaOODSP)9.630783 |
| 776 | 0#|tThe insertion model or the workfare model? : |w(CaOODSP)9.688526 |
| 791 | |tThe insertion model or the workfare model? : |eeng|w(CaOODSP)9.664059 |